<?xml version="1.0" encoding="UTF-8"?>
<marc:record xmlns:marc="http://www.loc.gov/MARC21/slim">
   <marc:leader>00000nam a2200000 a 4500</marc:leader>
   <marc:datafield ind1="1" ind2=" " tag="100">
      <marc:subfield code="a">Wenzel-Bürger, Eva</marc:subfield>
      <marc:subfield code="4">aut</marc:subfield>
      <marc:subfield code="e">Verfasser/-in</marc:subfield>
   </marc:datafield>
   <marc:datafield ind1="0" ind2="0" tag="245">
      <marc:subfield code="a">Meine Freundin Conni - Conni lernt Rad fahren</marc:subfield>
   </marc:datafield>
   <marc:datafield ind1="0" ind2="0" tag="245">
      <marc:subfield code="c">Wenzel-Bürger, Eva</marc:subfield>
   </marc:datafield>
   <marc:datafield ind1=" " ind2="1" tag="264">
      <marc:subfield code="a">München</marc:subfield>
      <marc:subfield code="b">Sony Music</marc:subfield>
      <marc:subfield code="c">2012</marc:subfield>
   </marc:datafield>
   <marc:datafield ind1="1" ind2=" " tag="490">
      <marc:subfield code="a">Meine Freundin Conni</marc:subfield>
      <marc:subfield code="v">1</marc:subfield>
   </marc:datafield>
   <marc:datafield ind1="1" ind2=" " tag="520">
      <marc:subfield code="a">Conni möchte auch so ein tolles Fahrrad wie Anna haben! Mit ihrem Roller ist sie zu langsam und kommt einfach nicht mehr hinterher. Doch schon bei ihrem ersten Versuch mit Annas Fahrrad loszubrausen, fällt Conni hin. Das hat sie sich viel einfacher vorgestellt!&#xD;
&#xD;
Heimlich baut Papa ihr ein ganz tolles Rad und Jakob hilft beim Anmalen. Conni ist völlig begeistert von ihrem eigenen roten Fahrrad. Jetzt muss sie nur noch lernen, damit zu fahren...&#xD;
&#xD;
+ drei weitere Geschichten, die die Welt erklären:&#xD;
&#xD;
Conni zieht um&#xD;
Conni bekommt eine Katze&#xD;
Conni geht zelten</marc:subfield>
   </marc:datafield>
   <marc:datafield ind1=" " ind2=" " tag="338">
      <marc:subfield code="a">Videodisk</marc:subfield>
   </marc:datafield>
</marc:record>
